LEADER 01309nam0 22003131i 450 001 UON00228183 005 20231205103447.950 010 $a88-7284-858-X 100 $a20030730d2000 |0itac50 ba 101 $aita 102 $aIT 105 $a|||| ||||| 200 1 $aˆLa ‰ Vienna di Popper$fDario Antiseri 210 $aSoveria Mannelli$eCatanzaro$cRubbettino$d2000 215 $a450 p.$cill.$d21 cm. 316 $aDono del prof. Gensini$5IT-UONSI FS2.0/0063 410 1$1001UON00176610$12001 $aBiblioteca Austriaca. Saggi$1210 $aSoveria Mannelli$eCatanzaro$cRubbettino.$v7 606 $aPOPPER KARL RAIMUND$3UONC049425$2FI 606 $aVIENNA VITA ARTISTICA E CULTURALE . 1860-1910$3UONC040776$2FI 620 $aIT$dSoveria Mannelli (CZ)$3UONL003308 676 $a193$cFilosofia occidentale moderna. Germania e Austria$v21 700 1$aANTISERI$bDario$3UONV118487$053664 712 $aRubbettino$3UONV250035$4650 801 $aIT$bSOL$c20250502$gRICA 899 $aSIBA - SISTEMA BIBLIOTECARIO DI ATENEO$2UONSI 912 $aUON00228183 950 $aSIBA - SISTEMA BIBLIOTECARIO DI ATENEO$dSI FS 2.0 0063 $eSI FP 16976 5 0063 Dono del prof. Gensini 996 $aVienna di Popper$9908205 997 $aUNIOR